000 01102nam a2200277 a 4500
001 BRCA_590
003 FranzMayer
005 20230918115444.0
008 150508s2004----us-a---###---#000-0#eng-#
020 _a029598421X
040 _cMFM
050 4 _aN6270
_b.E25 2004
100 1 _aEcker, Heather
_92030
245 1 0 _aCaliphs and kings
_bThe Art and Influence of Islamic Spain
_cHeather Ecker.
260 _aWashington, D.C.
_bArthur M. Sackler Galery, Smithsonian Institution
_c2004
300 _axiii, 177 p.
_bil. (algunas a color), mapas
_c27 cm.
500 _aUn ejemplar en Anexo 1
500 _aCatálogo de la exposición realizada en el Arthur M. Sackler Gallery, Smithsonian Institution (Washington, D.C.), 8 mayo - 17 octubre, 2004
500 _aIncluye índice alfabético
504 _aBibliografía: p. 170-174
610 2 4 _aHispanic Society of America
_vExposiciones
_xColecciones de arte
_92031
650 1 4 _aArte islámico
_vExposiciones
_zEspaña
_92032
650 1 4 _aArte medieval
_vExposiciones
_zEspaña
_92033
650 1 4 _aArte
_vExposiciones
_zEspaña
_92034
942 _2lcc
_cB
999 _c518
_d518